[Event "Bundesliga Bremen"]
[Site "Bremen"]
[Date "2009.03.29"]
[Round "15.7"]
[White "Babula"]
[Black "Beikert"]
[Result "1/2-1/2"]
[WhiteElo "2608"]
[BlackElo "2470"]
[PlyCount "85"]
[EventDate "2009.??.??"]
[WhiteTeam "WBR"]
[BlackTeam "HSK"]
[TimeControl "40/6000+30:20/3000+30:0"]

1. d4 d5 2. c4 c6 3. Nf3 Nf6 4. Nc3 a6 5. c5 Nbd7 6. Bf4 g6 7. e3 Bg7 8. Bd3
O-O 9. h3 Ne8 10. O-O Nc7 11. e4 Ne6 12. Be3 Ndxc5 13. exd5 cxd5 14. Bc2 Ne4
15. Bxe4 dxe4 16. Nxe4 f5 17. Neg5 Qd5 18. Nxe6 Bxe6 19. Bf4 Bd7 20. Re1 e6 21.
Qd2 Bc6 22. Be5 Rad8 23. Bxg7 Kxg7 24. Qc3 Kg8 25. Re5 Qd6 26. Rae1 Rfe8 27. h4
Re7 28. a3 Bxf3 29. Qxf3 Qxd4 30. Rxe6 Rxe6 31. Qb3 Qd5 32. Qxd5 Rxd5 33. Rxe6
Rb5 34. b4 Kf7 35. Re3 a5 36. bxa5 Rxa5 37. g3 Rb5 38. Kg2 Rb2 39. Kf3 Kf6 40.
a4 b5 41. axb5 Rxb5 42. Ra3 Rb6 43. Rc3 1/2-1/2

[Event "Bundesliga Bremen"]
[Site "Bremen"]
[Date "2009.03.29"]
[Round "15.5"]
[White "Hracek"]
[Black "Müller"]
[Result "1/2-1/2"]
[WhiteElo "2613"]
[BlackElo "2517"]
[PlyCount "51"]
[EventDate "2009.??.??"]
[WhiteTeam "WBR"]
[BlackTeam "HSK"]
[TimeControl "40/6000+30:20/3000+30:0"]

1. e4 d5 2. exd5 Qxd5 3. Nc3 Qa5 4. d4 Nf6 5. Nf3 c6 6. Bd2 Bf5 7. Ne4 Qb6 8.
Nxf6+ gxf6 9. b4 Nd7 10. a4 e5 11. a5 Qc7 12. Be2 Bd6 13. O-O e4 14. Nh4 Bxh2+
15. Kh1 Be6 16. c4 h5 17. Ra3 Bf4 18. d5 Bg4 19. Bxf4 Qxf4 20. g3 Qd6 21. a6 b6
22. Bxg4 hxg4 23. Qxg4 cxd5 24. cxd5 Qxd5 25. Re3 f5 26. Qf4 1/2-1/2

[Event "Bundesliga Bremen"]
[Site "Bremen"]
[Date "2009.03.29"]
[Round "15.1"]
[White "McShane"]
[Black "Gustafsson"]
[Result "1-0"]
[WhiteElo "2596"]
[BlackElo "2634"]
[PlyCount "247"]
[EventDate "2009.??.??"]
[WhiteTeam "WBR"]
[BlackTeam "HSK"]
[TimeControl "40/6000+30:20/3000+30:0"]

1. e4 e5 2. Nf3 Nc6 3. Bb5 a6 4. Ba4 Nf6 5. O-O Be7 6. Bxc6 dxc6 7. d3 Nd7 8.
b3 O-O 9. Bb2 f6 10. Nbd2 c5 11. Nh4 Nb8 12. Nf5 Nc6 13. Nc4 Nd4 14. Nce3 Bd6
15. Nxd6 Qxd6 16. Qd2 Be6 17. Kh1 Rad8 18. f3 b6 19. Rf2 a5 20. Nc4 Qe7 21. a4
Qd7 22. Qc3 Nc6 23. Raf1 Qd4 24. Qe1 Qd7 25. Qc3 Qd4 26. Qe1 Qd7 27. Ne3 Nb4
28. Bc3 Nc6 29. f4 exf4 30. Rxf4 Ne7 31. Qg3 Ng6 32. R4f2 Qd6 33. Qxd6 Rxd6 34.
Rf3 Rd7 35. g4 h6 36. h3 Kh7 37. Kh2 Re8 38. Kg3 Bg8 39. h4 Ne5 40. Bxe5 Rxe5
41. Nc4 Re8 42. g5 fxg5 43. hxg5 hxg5 44. Rf5 g6 45. Rxg5 Bxc4 46. bxc4 Kg7 47.
Rg4 Re5 48. Rgf4 Rg5+ 49. Kf3 Rh5 50. Ke3 Rh2 51. R4f2 Rh3+ 52. Kd2 Rh4 53. Kc3
Re7 54. Rf8 Rh2 55. Rc8 Rh7 56. Rg1 Rh2 57. Rf1 Rh7 58. Rff8 Kh6 59. Kd2 Kg5
60. Rf2 Rh1 61. Rg2+ Kf6 62. Rg8 Rh6 63. Rf2+ Kg5 64. Rf5+ Kg4 65. Kc3 Kh4 66.
Rf6 Kg5 67. Rf5+ Kh4 68. Rf6 Kg5 69. Rc6 Rf7 70. Re6 Rd7 71. Rf8 Rh2 72. Re5+
Kg4 73. Rg8 Rh6 74. Re6 Kg5 75. Rf8 Rh2 76. Ref6 Re7 77. Rf1 Rhh7 78. Rg1+ Kh6
79. Rf6 Rhg7 80. Rh1+ Kg5 81. Rf2 Rh7 82. Rg1+ Kh6 83. Rfg2 Re6 84. Rh2+ Kg7
85. Rxh7+ Kxh7 86. Kd2 Re5 87. Rh1+ Kg7 88. Ke3 Rh5 89. Rxh5 gxh5 90. Kf4 Kf6
91. c3 c6 92. d4 cxd4 93. cxd4 Ke7 94. e5 h4 95. d5 b5 96. axb5 cxb5 97. cxb5
a4 98. b6 a3 99. b7 a2 100. b8=Q a1=Q 101. Qb7+ Kf8 102. Qc8+ Kg7 103. Qd7+ Kf8
104. Qd8+ Kg7 105. Qg5+ Kf8 106. Qf6+ Kg8 107. d6 Qd4+ 108. Kf5 Qd3+ 109. Ke6
h3 110. d7 Qc4+ 111. Ke7 Qb4+ 112. Ke8 Qb5 113. Qg6+ Kh8 114. Qh5+ Kg7 115.
Qg4+ Kh8 116. Qxh3+ Kg7 117. Qg4+ Kh8 118. Qh4+ Kg7 119. Qf6+ Kg8 120. Qe6+ Kg7
121. Ke7 Qb4+ 122. Qd6 Qc4 123. Qf6+ Kh7 124. Qf7+ 1-0

[Event "Bundesliga Bremen"]
[Site "Bremen"]
[Date "2009.03.29"]
[Round "15.8"]
[White "Thinius"]
[Black "Richter"]
[Result "1-0"]
[WhiteElo "2421"]
[BlackElo "2403"]
[PlyCount "63"]
[EventDate "2009.??.??"]
[WhiteTeam "SFB"]
[BlackTeam "EMS"]
[TimeControl "40/6000+30:20/3000+30:0"]

1. d4 Nf6 2. Nf3 g6 3. c4 Bg7 4. Nc3 O-O 5. e4 d6 6. Be2 Na6 7. O-O e5 8. Be3
Qe8 9. h3 exd4 10. Bxd4 c6 11. Re1 Qe7 12. Bf1 Rd8 13. Qc2 Nc5 14. Rad1 Ne6 15.
Be3 Nd7 16. Nd4 Ndc5 17. Nf5 gxf5 18. exf5 Qh4 19. fxe6 Bxe6 20. b4 Na6 21. a3
h6 22. Ne4 Bf5 23. Bd3 d5 24. cxd5 cxd5 25. Ng3 Bxd3 26. Qxd3 Nc7 27. Nf5 Qc4
28. Bxh6 Qxd3 29. Rxd3 Bxh6 30. Nxh6+ Kf8 31. Nf5 Rd7 32. Nh6 1-0

[Event "Bundesliga Bremen"]
[Site "Bremen"]
[Date "2009.03.29"]
[Round "15.6"]
[White "Berndt"]
[Black "Giri"]
[Result "1/2-1/2"]
[WhiteElo "2440"]
[BlackElo "2466"]
[PlyCount "105"]
[EventDate "2009.??.??"]
[WhiteTeam "SFB"]
[BlackTeam "EMS"]
[TimeControl "40/6000+30:20/3000+30:0"]

1. e4 c5 2. Nf3 e6 3. d4 cxd4 4. Nxd4 Nc6 5. Nc3 Qc7 6. Be3 a6 7. Bd3 Nf6 8.
O-O Nxd4 9. Bxd4 Bc5 10. Bxc5 Qxc5 11. Na4 Qc7 12. c4 d6 13. Rc1 O-O 14. Qd2
Bd7 15. Nc3 Rac8 16. Rfd1 Rfd8 17. Be2 Be8 18. Qe3 Qa5 19. a3 Bc6 20. Rd4 e5
21. Rdd1 Qc5 22. Qxc5 dxc5 23. f3 Kf8 24. b4 a5 25. Rb1 axb4 26. axb4 cxb4 27.
Rxb4 Nd7 28. Kf2 Nc5 29. Rbb1 Rxd1 30. Rxd1 Ra8 31. Nd5 Ra2 32. Nb4 Rb2 33. Nd3
Nxd3+ 34. Rxd3 Ra2 35. Ke3 Ke7 36. g3 g5 37. h4 gxh4 38. gxh4 h6 39. Rd1 Ra3+
40. Kf2 Ra2 41. Ke3 Ra3+ 42. Kf2 Ra8 43. Ke3 Rg8 44. Kf2 Rf8 45. Ke3 f5 46.
exf5 Rxf5 47. Rg1 Kf6 48. Rg3 h5 49. Rg8 Kf7 50. Rg1 Kf6 51. Rg8 Kf7 52. Rg1
Kf6 53. Rg8 1/2-1/2

[Event "Bundesliga Bremen"]
[Site "Bremen"]
[Date "2009.03.29"]
[Round "15.4"]
[White "Lauber"]
[Black "Janssen"]
[Result "0-1"]
[WhiteElo "2497"]
[BlackElo "2524"]
[PlyCount "73"]
[EventDate "2009.??.??"]
[WhiteTeam "SFB"]
[BlackTeam "EMS"]
[TimeControl "40/6000+30:20/3000+30:0"]

1. d4 Nf6 2. c4 e6 3. Nc3 Bb4 4. Nf3 b6 5. Bg5 Bb7 6. Qc2 h6 7. Bh4 Qe7 8. e3
Bxc3+ 9. bxc3 d6 10. Bd3 Nbd7 11. e4 e5 12. Nd2 g5 13. Bg3 Nh5 14. f3 O-O-O 15.
O-O-O Nf4 16. Bf1 h5 17. h4 Ng6 18. hxg5 Qxg5 19. Bf2 h4 20. Kb1 Nf4 21. Be3
Kb8 22. Qa4 c5 23. Ka1 exd4 24. cxd4 cxd4 25. Bxd4 Nc5 26. Qc2 Rhg8 27. Nb3 f5
28. e5 h3 29. Qc1 hxg2 30. Bxg2 Nxg2 31. Qxg5 Nxb3+ 32. axb3 Rxg5 33. exd6 Rg6
34. d7 Re6 35. c5 Bxf3 36. cxb6 axb6 37. Rh8 0-1

[Event "Bundesliga Bremen"]
[Site "Bremen"]
[Date "2009.03.29"]
[Round "15.2"]
[White "Polzin"]
[Black "Feygin"]
[Result "1/2-1/2"]
[WhiteElo "2500"]
[BlackElo "2569"]
[PlyCount "54"]
[EventDate "2009.??.??"]
[WhiteTeam "SFB"]
[BlackTeam "EMS"]
[TimeControl "40/6000+30:20/3000+30:0"]

1. e4 e6 2. d4 d5 3. Nc3 Nf6 4. e5 Nfd7 5. f4 c5 6. Nf3 Nc6 7. Be3 a6 8. Qd2 b5
9. a3 g5 10. fxg5 cxd4 11. Nxd4 Ncxe5 12. Nf3 Bg7 13. Nxe5 Bxe5 14. O-O-O Bb7
15. h4 Qc7 16. h5 O-O-O 17. Rh4 Nb6 18. Rg4 Nc4 19. Bxc4 dxc4 20. Qf2 Rxd1+ 21.
Nxd1 Rg8 22. Bb6 Qe7 23. Qe3 Qd6 24. Bc5 Qc7 25. Bb6 Qd6 26. Bc5 Qc7 27. Bb6
Qd6 1/2-1/2

[Event "Bundesliga Bremen"]
[Site "Bremen"]
[Date "2009.03.29"]
[Round "15.8"]
[White "Sebastian"]
[Black "Fish"]
[Result "1-0"]
[WhiteElo "2432"]
[BlackElo "2531"]
[PlyCount "81"]
[EventDate "2009.??.??"]
[WhiteTeam "HSK"]
[BlackTeam "WBR"]
[TimeControl "40/6000+30:20/3000+30:0"]

1. e4 e6 2. d3 c5 3. g3 Nc6 4. Bg2 g6 5. Nc3 Bg7 6. Nge2 Nge7 7. h4 h5 8. O-O
d6 9. Nf4 Nd4 10. Nce2 e5 11. Nxd4 cxd4 12. Ne2 O-O 13. c3 dxc3 14. bxc3 Bg4
15. Rb1 Qd7 16. d4 exd4 17. cxd4 d5 18. e5 Rfc8 19. Bg5 Nc6 20. f3 Bf5 21. Rc1
Na5 22. Qd2 Rxc1 23. Rxc1 Nc4 24. Qf4 b5 25. g4 hxg4 26. Ng3 Re8 27. Nxf5 gxf5
28. Bf6 Kh7 29. fxg4 Bxf6 30. exf6 Qe6 31. g5 Qe2 32. g6+ fxg6 33. Qc7+ Kh6 34.
Qf4+ Kh7 35. Qc7+ Kh6 36. Qg7+ Kh5 37. Qh7+ Kg4 38. Qxg6+ Kxh4 39. Rf1 Qe3+ 40.
Kh2 Rh8 41. Rf3 1-0

[Event "Bundesliga Bremen"]
[Site "Bremen"]
[Date "2009.03.29"]
[Round "15.6"]
[White "Heinemann"]
[Black "Nybäck"]
[Result "1/2-1/2"]
[WhiteElo "2490"]
[BlackElo "2634"]
[PlyCount "90"]
[EventDate "2009.??.??"]
[WhiteTeam "HSK"]
[BlackTeam "WBR"]
[TimeControl "40/6000+30:20/3000+30:0"]

1. e4 e5 2. Nf3 Nc6 3. Bb5 a6 4. Bxc6 dxc6 5. O-O Qd6 6. Na3 b5 7. c3 c5 8. Nc2
Ne7 9. a4 Bb7 10. axb5 axb5 11. Rxa8+ Bxa8 12. Qe2 c4 13. Na3 Ng6 14. Qe3 Qd7
15. b3 cxb3 16. d4 Be7 17. dxe5 O-O 18. c4 bxc4 19. Nxc4 Qb5 20. Nfd2 Nxe5 21.
Nxe5 b2 22. Bxb2 Qxb2 23. Ndf3 Qb4 24. Rc1 Bd6 25. Nc4 Bc5 26. Qf4 Qb7 27. Qf5
Be7 28. Nce5 Qb4 29. Qd7 Bd6 30. Nc4 Bf4 31. Ncd2 c5 32. Rc4 Qb6 33. Qf5 Bd6
34. Ng5 g6 35. Qh3 h5 36. Qe3 Be7 37. Ngf3 Bb7 38. h3 Ba6 39. Rc1 Rd8 40. e5
Qe6 41. Ne4 c4 42. Qh6 Bf8 43. Qg5 Be7 44. Qh6 Bf8 45. Qg5 Be7 1/2-1/2

[Event "Bundesliga Bremen"]
[Site "Bremen"]
[Date "2009.03.29"]
[Round "15.4"]
[White "Ftacnik"]
[Black "Roiz"]
[Result "0-1"]
[WhiteElo "2571"]
[BlackElo "2677"]
[PlyCount "56"]
[EventDate "2009.??.??"]
[WhiteTeam "HSK"]
[BlackTeam "WBR"]
[TimeControl "40/6000+30:20/3000+30:0"]

1. Nf3 d5 2. d4 Nf6 3. c4 e6 4. Nc3 c6 5. e3 a6 6. b3 Bb4 7. Bd2 Bd6 8. Bd3 c5
9. cxd5 exd5 10. dxc5 Bxc5 11. Qb1 Nc6 12. O-O Bg4 13. Bf5 Bxf3 14. gxf3 O-O
15. Rd1 Qe7 16. Na4 Ba7 17. Bh3 Rad8 18. Nb2 d4 19. e4 d3 20. Nxd3 Bd4 21. Be3
Rfe8 22. Bxd4 Nxd4 23. Kh1 Nxf3 24. Ne1 Nxe4 25. Rxd8 Nxf2+ 26. Kg2 Nh4+ 27.
Kxf2 Qe3+ 28. Kf1 Qxh3+ 0-1

[Event "Bundesliga Bremen"]
[Site "Bremen"]
[Date "2009.03.29"]
[Round "15.2"]
[White "Baramidze"]
[Black "Fressinet"]
[Result "1/2-1/2"]
[WhiteElo "2557"]
[BlackElo "2676"]
[PlyCount "54"]
[EventDate "2009.??.??"]
[WhiteTeam "HSK"]
[BlackTeam "WBR"]
[TimeControl "40/6000+30:20/3000+30:0"]

1. e4 e5 2. Nf3 Nc6 3. Bc4 Nf6 4. d3 Bc5 5. c3 O-O 6. Bg5 h6 7. Bh4 Be7 8. Nbd2
d6 9. Bb3 Nh5 10. Bxe7 Qxe7 11. Nc4 Be6 12. Ne3 Nf6 13. O-O Rad8 14. Nh4 d5 15.
Nhf5 Qd7 16. Bxd5 Nxd5 17. exd5 Bxf5 18. dxc6 bxc6 19. Nxf5 Qxf5 20. Qa4 Rxd3
21. Qxa7 Rd2 22. Qxc7 Rxb2 23. Qxc6 Rc8 24. Qd5 Rxc3 25. Rae1 Rd3 26. Qxe5 Qxe5
27. Rxe5 Rxa2 1/2-1/2

[Event "Bundesliga Bremen"]
[Site "Bremen"]
[Date "2009.03.29"]
[Round "15.7"]
[White "Bellon Lopez"]
[Black "Thiede"]
[Result "1-0"]
[WhiteElo "2440"]
[BlackElo "2464"]
[PlyCount "89"]
[EventDate "2009.??.??"]
[WhiteTeam "EMS"]
[BlackTeam "SFB"]
[TimeControl "40/6000+30:20/3000+30:0"]

1. d4 g6 2. e4 Bg7 3. Nc3 d6 4. g3 Nf6 5. Bg2 O-O 6. Nge2 e5 7. h3 exd4 8. Nxd4
Bd7 9. O-O Nc6 10. Be3 Re8 11. Re1 a6 12. f4 Nxd4 13. Bxd4 c5 14. Bf2 Qc7 15.
g4 h6 16. a4 Bc6 17. Qd3 Rab8 18. Bg3 Red8 19. a5 Nd7 20. Red1 Bd4+ 21. Kh2 g5
22. Qd2 gxf4 23. Qxf4 Kg7 24. Rxd4 cxd4 25. Ne2 Ne5 26. Nxd4 Bd7 27. Rf1 Bc8
28. Qf6+ Kh7 29. Rf5 Rg8 30. Rxe5 dxe5 31. Bxe5 Qd7 32. Bxb8 Rg6 33. Qe5 Rg5
34. Nf5 Qe6 35. Qd4 h5 36. Bf4 Rg8 37. g5 Bd7 38. Qd1 Kg6 39. Nh4+ Kg7 40. Qxh5
Rh8 41. Nf5+ Kg8 42. Nh6+ Kf8 43. Qd1 Ke8 44. Qd4 Rh7 45. Nf5 1-0

[Event "Bundesliga Bremen"]
[Site "Bremen"]
[Date "2009.03.29"]
[Round "15.5"]
[White "Spoelman"]
[Black "Schneider"]
[Result "0-1"]
[WhiteElo "2459"]
[BlackElo "2486"]
[PlyCount "138"]
[EventDate "2009.??.??"]
[WhiteTeam "EMS"]
[BlackTeam "SFB"]
[TimeControl "40/6000+30:20/3000+30:0"]

1. e4 e5 2. Nf3 Nc6 3. Bc4 Nf6 4. d3 Be7 5. O-O O-O 6. Re1 d6 7. c3 Na5 8. Bb5
a6 9. Ba4 b5 10. Bc2 c5 11. Nbd2 Re8 12. Nf1 Bf8 13. Ng3 g6 14. Bg5 h6 15. Bd2
Bg7 16. Qc1 Kh7 17. h4 Be6 18. h5 Rf8 19. b4 cxb4 20. cxb4 Nc6 21. Bb3 Bxb3 22.
Qxc6 Be6 23. hxg6+ fxg6 24. a4 bxa4 25. Qxa4 Qb6 26. Rec1 Bd7 27. Qb3 a5 28.
Qa3 a4 29. Be3 Qb7 30. b5 Bxb5 31. Qxd6 Rfd8 32. Qb4 Rxd3 33. Rcb1 Ng4 34. Bc5
Rd7 35. Nd2 Bc6 36. Qc3 Qc7 37. f3 Nf6 38. Bb6 Qc8 39. Nc4 Bb7 40. Rc1 Qc6 41.
Qb4 Qe6 42. Rxa4 Rxa4 43. Qxa4 h5 44. Qb5 h4 45. Ne2 Nh5 46. Na5 Rf7 47. Nxb7
Rxb7 48. Rc6 Qa2 49. Qd3 Ng3 50. Nc1 Qf7 51. Qd8 Qd7 52. Qxd7 Rxd7 53. Kh2 Rd1
54. Kh3 Rh1+ 55. Kg4 Rh2 56. Rc2 Nh5 57. Bg1 Rh1 58. Ne2 Nf6+ 59. Kg5 h3 60. g4
h2 61. Bf2 Rg1 62. Ng3 Rxg3 63. Bxg3 Nxe4+ 64. fxe4 Bh6+ 65. Kf6 h1=Q 66. Rc7+
Kg8 67. Rc8+ Bf8 68. Bxe5 Qf3+ 69. Kg5 Kf7 0-1

[Event "Bundesliga Bremen"]
[Site "Bremen"]
[Date "2009.03.29"]
[Round "15.3"]
[White "Cramling"]
[Black "Brynell"]
[Result "1/2-1/2"]
[WhiteElo "2550"]
[BlackElo "2447"]
[PlyCount "97"]
[EventDate "2009.??.??"]
[WhiteTeam "EMS"]
[BlackTeam "SFB"]
[TimeControl "40/6000+30:20/3000+30:0"]

1. d4 Nf6 2. Nf3 e6 3. c4 b6 4. a3 c5 5. d5 Ba6 6. Qb3 exd5 7. cxd5 g6 8. Nc3
Bg7 9. e4 Bxf1 10. Kxf1 d6 11. Qb5+ Nfd7 12. Bf4 Qe7 13. g3 O-O 14. Kg2 Nf6 15.
Rhe1 Nh5 16. Bg5 Qc7 17. Rad1 h6 18. Bc1 a6 19. Qa4 Nd7 20. Qc6 Rfc8 21. Qxc7
Rxc7 22. g4 Nhf6 23. Bf4 Ne8 24. e5 Nxe5 25. Nxe5 dxe5 26. Bxe5 Bxe5 27. Rxe5
Nd6 28. h4 b5 29. h5 g5 30. Ne4 Nxe4 31. Rxe4 Rd8 32. f4 gxf4 33. Kf3 Rcd7 34.
Re5 f6 35. Re6 Kf7 36. Rxa6 Rxd5 37. Rxd5 Rxd5 38. Rb6 f5 39. Kxf4 fxg4 40.
Rxb5 Rxh5 41. Kxg4 Rg5+ 42. Kf4 Ke6 43. Rb6+ Kd5 44. Rxh6 Rg2 45. Rb6 Kd4 46.
Rd6+ Kc4 47. Rb6 Kd4 48. Rd6+ Kc4 49. Rb6 1/2-1/2

[Event "Bundesliga Bremen"]
[Site "Bremen"]
[Date "2009.03.29"]
[Round "15.1"]
[White "Hector"]
[Black "Markos"]
[Result "1-0"]
[WhiteElo "2551"]
[BlackElo "2557"]
[PlyCount "115"]
[EventDate "2009.??.??"]
[WhiteTeam "EMS"]
[BlackTeam "SFB"]
[TimeControl "40/6000+30:20/3000+30:0"]

1. e4 c5 2. Nf3 Nc6 3. Nc3 Nf6 4. Bb5 Qc7 5. d3 a6 6. Bxc6 Qxc6 7. e5 Nd5 8.
Nxd5 Qxd5 9. c4 Qc6 10. d4 cxd4 11. Qxd4 g6 12. O-O Bg7 13. Qh4 h6 14. b3 g5
15. Qg3 b6 16. Ba3 Bb7 17. Rad1 Qg6 18. Rfe1 e6 19. h4 Bf8 20. Bxf8 Rxf8 21.
hxg5 O-O-O 22. Rd6 Rh8 23. Red1 hxg5 24. Nxg5 Rh5 25. f4 Rdh8 26. Kf2 Bc6 27.
Rxc6+ dxc6 28. Qf3 Kb8 29. Rd7 Rc8 30. Qe3 c5 31. Qf3 Rc7 32. Rd8+ Rc8 33.
Rxc8+ Kxc8 34. Qc6+ Kd8 35. Ne4 Rf5 36. Qxb6+ Kd7 37. Qb7+ Kd8 38. Qb8+ Kd7 39.
Nxc5+ Ke7 40. Qd6+ Ke8 41. Nd3 Qh6 42. Qc6+ Kf8 43. Qf3 Rh5 44. c5 Rh1 45. c6
Qh4+ 46. Ke2 Qd8 47. Qe3 Kg7 48. Qc5 Qc7 49. f5 exf5 50. Qd6 Qc8 51. Qd7 Rh8
52. e6 Qe8 53. Nf4 Kf6 54. Nd5+ Ke5 55. e7 f6 56. Ne3 Qh5+ 57. g4 Qh2+ 58. Kd3
1-0

[Event "Bundesliga- Baden-Baden"]
[Site "Baden-Baden/Germany"]
[Date "2009.03.29"]
[Round "15.8"]
[White "Thiel"]
[Black "Schlosser"]
[Result "0-1"]
[WhiteElo "2286"]
[BlackElo "2567"]
[PlyCount "48"]
[EventDate "2009.??.??"]
[WhiteTeam "WAT"]
[BlackTeam "BAD"]

1. e4 e5 2. Nf3 Nc6 3. Bb5 a6 4. Bxc6 dxc6 5. O-O Qd6 6. d4 exd4 7. Nxd4 Bd7 8.
Nc3 O-O-O 9. Be3 Nh6 10. Nde2 f5 11. Qxd6 cxd6 12. Ng3 fxe4 13. Ncxe4 Nf5 14.
Bb6 Re8 15. Rfe1 Nxg3 16. hxg3 Bf5 17. Ng5 Rxe1+ 18. Rxe1 Kd7 19. Re2 Be7 20.
Be3 Bf6 21. c3 Re8 22. Rd2 Rxe3 23. fxe3 Bxg5 24. Kf2 Ke6 0-1

[Event "Bundesliga- Baden-Baden"]
[Site "Baden-Baden/Germany"]
[Date "2009.03.29"]
[Round "15.6"]
[White "Tereick"]
[Black "Nielsen"]
[Result "1/2-1/2"]
[WhiteElo "2356"]
[BlackElo "2662"]
[PlyCount "68"]
[EventDate "2009.??.??"]
[WhiteTeam "WAT"]
[BlackTeam "BAD"]

1. c4 c5 2. g3 g6 3. Bg2 Bg7 4. e3 Nf6 5. Nc3 O-O 6. Nge2 Nc6 7. O-O d6 8. b3
Bd7 9. Bb2 a6 10. d4 Rb8 11. dxc5 dxc5 12. Na4 b6 13. Nf4 e6 14. Nd3 Qc7 15.
Qe2 Rbd8 16. Rfd1 e5 17. Nc3 Bg4 18. Bf3 Bxf3 19. Qxf3 Rfe8 20. Qe2 Nd4 21.
exd4 exd4 22. Qf3 dxc3 23. Bxc3 Ne4 24. Bxg7 Kxg7 25. Nf4 Qe5 26. Nd5 b5 27.
Rab1 b4 28. Qe2 h5 29. f3 Nd6 30. Qxe5+ Rxe5 31. Nf4 Ree8 32. Nd3 Nb7 33. Kf2
Rd6 34. Nb2 Rde6 1/2-1/2

[Event "Bundesliga- Baden-Baden"]
[Site "Baden-Baden/Germany"]
[Date "2009.03.29"]
[Round "15.4"]
[White "Appel"]
[Black "Movsesian"]
[Result "1/2-1/2"]
[WhiteElo "2541"]
[BlackElo "2732"]
[PlyCount "66"]
[EventDate "2009.??.??"]
[WhiteTeam "WAT"]
[BlackTeam "BAD"]

1. d4 Nf6 2. Nf3 g6 3. Bg5 Bg7 4. Nbd2 O-O 5. c3 d6 6. e4 Nc6 7. Bb5 Bd7 8. O-O
a6 9. Bxc6 Bxc6 10. Re1 h6 11. Bh4 b5 12. d5 Bb7 13. Nd4 Qd7 14. a4 c5 15. dxc6
Bxc6 16. Nxc6 Qxc6 17. Nf3 Nxe4 18. Bxe7 Rfe8 19. axb5 axb5 20. Rxa8 Qxa8 21.
Bh4 d5 22. Nd4 Nd6 23. Be7 Ne4 24. Bb4 Qb8 25. g3 Rc8 26. Kg2 Qb6 27. f3 Nc5
28. Nc2 Na4 29. Ne3 Qd8 30. Qxd5 Nxb2 31. Qxb5 Qd3 32. Qxd3 Nxd3 33. Rd1 Bxc3
1/2-1/2

[Event "Bundesliga- Baden-Baden"]
[Site "Baden-Baden/Germany"]
[Date "2009.03.29"]
[Round "15.2"]
[White "Rustemov"]
[Black "Svidler"]
[Result "1/2-1/2"]
[WhiteElo "2520"]
[BlackElo "2727"]
[PlyCount "41"]
[EventDate "2009.??.??"]
[WhiteTeam "WAT"]
[BlackTeam "BAD"]

1. Nf3 Nf6 2. c4 g6 3. Nc3 d5 4. cxd5 Nxd5 5. Qa4+ Bd7 6. Qh4 Nxc3 7. bxc3 c5
8. Rb1 Qc7 9. Qg3 Qxg3 10. hxg3 b6 11. e4 Bg7 12. d4 O-O 13. Bh6 cxd4 14. Bxg7
Kxg7 15. cxd4 Rd8 16. Kd2 Nc6 17. Ke3 Na5 18. Rc1 h5 19. Bd3 Rac8 20. Ba6 Rc6
21. Ne5 1/2-1/2

[Event "Bundesliga- Baden-Baden"]
[Site "Baden-Baden/Germany"]
[Date "2009.03.29"]
[Round "15.8"]
[White "Edouard"]
[Black "Guliyev"]
[Result "1/2-1/2"]
[WhiteElo "2531"]
[BlackElo "2521"]
[PlyCount "105"]
[EventDate "2009.??.??"]
[WhiteTeam "SOL"]
[BlackTeam "EPP"]

1. d4 d5 2. c4 c6 3. Nf3 Nf6 4. e3 e6 5. Bd3 Nbd7 6. O-O Bd6 7. Nbd2 O-O 8. e4
e5 9. cxd5 cxd5 10. exd5 exd4 11. Ne4 Nxe4 12. Bxe4 Nf6 13. Bg5 Be7 14. Bxf6
Bxf6 15. Nxd4 Qb6 16. Nb3 Bd7 17. Rc1 Ba4 18. Qd2 Bxb3 19. axb3 Be5 20. Rc4
Rfe8 21. g3 Rad8 22. Re1 Bd6 23. Re3 g6 24. Rd3 a5 25. Kg2 Re5 26. Bf3 Rde8 27.
Qc2 Qd8 28. Rdc3 Qf6 29. Rc8 Kg7 30. Rxe8 Rxe8 31. Rc4 Re7 32. Rc8 Qe5 33. Qc3
Rc7 34. Rxc7 Bxc7 35. Qc5 b6 36. Qc6 Qe7 37. Kf1 Qd8 38. Qc3+ f6 39. b4 Be5 40.
Qb3 axb4 41. Qxb4 Qc7 42. b3 Qc1+ 43. Kg2 Qc5 44. Qg4 f5 45. Qa4 b5 46. Qa5 Bc7
47. Qa1+ Kh6 48. Qb2 b4 49. Qd2+ Kg7 50. Be2 Qc3 51. Qd1 Bd6 52. Bc4 Qe5 53.
Qf3 1/2-1/2

[Event "Bundesliga- Baden-Baden"]
[Site "Baden-Baden/Germany"]
[Date "2009.03.29"]
[Round "15.6"]
[White "Ernst"]
[Black "Acs"]
[Result "1/2-1/2"]
[WhiteElo "2576"]
[BlackElo "2542"]
[PlyCount "65"]
[EventDate "2009.??.??"]
[WhiteTeam "SOL"]
[BlackTeam "EPP"]

1. d4 d5 2. c4 c6 3. Nf3 Nf6 4. Nc3 a6 5. Bg5 Ne4 6. Bf4 Nxc3 7. bxc3 dxc4 8.
g3 b5 9. Bg2 Bb7 10. Ne5 Qc8 11. e4 Nd7 12. O-O Nxe5 13. Bxe5 f6 14. Bf4 g6 15.
e5 Bg7 16. exf6 Bxf6 17. Bh6 c5 18. d5 Qf5 19. Qe2 Qh5 20. Qe3 Rd8 21. Rfe1 Rd7
22. Bf3 Qf5 23. Rad1 g5 24. Be4 Qe5 25. Qxc5 Qxc3 26. Re3 Qa5 27. Bf5 Qc7 28.
Bxd7+ Kxd7 29. Qb4 Rg8 30. Qb1 Rg6 31. d6 exd6 32. Qf5+ Kc6 33. Bf8 1/2-1/2

[Event "Bundesliga- Baden-Baden"]
[Site "Baden-Baden/Germany"]
[Date "2009.03.29"]
[Round "15.4"]
[White "Naumann"]
[Black "Gyimesi"]
[Result "1/2-1/2"]
[WhiteElo "2518"]
[BlackElo "2592"]
[PlyCount "31"]
[EventDate "2009.??.??"]
[WhiteTeam "SOL"]
[BlackTeam "EPP"]

1. d4 Nf6 2. c4 e6 3. g3 d5 4. Nf3 Bb4+ 5. Bd2 Be7 6. Bg2 O-O 7. O-O c6 8. Qc2
b6 9. Rd1 Nbd7 10. Bf4 Bb7 11. Nc3 Rc8 12. Ne5 Nh5 13. Bc1 Nhf6 14. Bf4 Nh5 15.
Bc1 Nhf6 16. Bf4 1/2-1/2

[Event "Bundesliga- Baden-Baden"]
[Site "Baden-Baden/Germany"]
[Date "2009.03.29"]
[Round "15.5"]
[White "Ruck"]
[Black "Ragger"]
[Result "1/2-1/2"]
[WhiteElo "2574"]
[BlackElo "2518"]
[PlyCount "49"]
[EventDate "2009.??.??"]
[WhiteTeam "EPP"]
[BlackTeam "SOL"]

1. Nf3 Nf6 2. g3 d5 3. Bg2 c6 4. O-O Bg4 5. d4 Nbd7 6. Nbd2 e6 7. c4 Bd6 8. b3
O-O 9. Bb2 h6 10. Bc3 Bf5 11. b4 Be7 12. Qb3 Ne4 13. Nxe4 Bxe4 14. Nd2 Bxg2 15.
Kxg2 dxc4 16. Nxc4 Nb6 17. e4 Nxc4 18. Qxc4 Qd7 19. Rad1 Rad8 20. Rd3 f5 21.
exf5 Rxf5 22. Re3 Qd5+ 23. Qxd5 Rfxd5 24. Rxe6 Bf6 25. a3 1/2-1/2

[Event "Bundesliga- Baden-Baden"]
[Site "Baden-Baden/Germany"]
[Date "2009.03.29"]
[Round "15.3"]
[White "Balogh"]
[Black "Buhmann"]
[Result "1/2-1/2"]
[WhiteElo "2616"]
[BlackElo "2541"]
[PlyCount "98"]
[EventDate "2009.??.??"]
[WhiteTeam "EPP"]
[BlackTeam "SOL"]

1. e4 e5 2. Nf3 Nc6 3. Bb5 Nf6 4. d3 Bc5 5. Bxc6 dxc6 6. h3 Bd6 7. Nbd2 c5 8.
b3 Nd7 9. Bb2 O-O 10. O-O Re8 11. Nc4 f6 12. Nfd2 Nf8 13. f4 exf4 14. Nxd6 cxd6
15. Rxf4 Be6 16. c4 Qd7 17. Nf1 b5 18. Rf2 Ng6 19. Ne3 Rab8 20. Bc3 bxc4 21.
bxc4 Rb7 22. Rb1 Reb8 23. Rb3 Ne5 24. Rfb2 Qf7 25. Qb1 Rxb3 26. Rxb3 Rxb3 27.
axb3 Qg6 28. Bxe5 fxe5 29. Kf2 Qf7+ 30. Ke2 a5 31. Qa1 Qh5+ 32. Kd2 Qf7 33. Ke2
Qh5+ 34. Kd2 Qf7 35. Kc3 Qa7 36. Nd5 Bxd5 37. exd5 Qb6 38. Qf1 Qb4+ 39. Kc2 a4
40. bxa4 Qxa4+ 41. Kd2 Qb4+ 42. Ke3 Qc3 43. Qb1 Kf7 44. Qb7+ Kf6 45. Qd7 Qe1+
46. Kf3 Qf1+ 47. Ke3 Qe1+ 48. Kf3 Qf1+ 49. Ke3 Qe1+ 1/2-1/2

[Event "Bundesliga- Baden-Baden"]
[Site "Baden-Baden/Germany"]
[Date "2009.03.29"]
[Round "15.1"]
[White "Braun"]
[Black "Stellwagen"]
[Result "0-1"]
[WhiteElo "2567"]
[BlackElo "2605"]
[PlyCount "62"]
[EventDate "2009.??.??"]
[WhiteTeam "EPP"]
[BlackTeam "SOL"]

1. d4 d5 2. c4 c6 3. Nf3 Nf6 4. e3 Bg4 5. h3 Bxf3 6. Qxf3 e6 7. Nc3 Nbd7 8. Bd2
Bb4 9. Bd3 O-O 10. a3 dxc4 11. Bxc4 Bd6 12. O-O e5 13. Qf5 Qe7 14. Rae1 Rfe8
15. Ba2 Rad8 16. f4 exd4 17. exd4 Qf8 18. g4 Nb6 19. g5 Nfd5 20. Ne4 Kh8 21. h4
Re6 22. h5 Rde8 23. Bb1 g6 24. Qh3 Nc4 25. Bc3 Bxf4 26. Qd3 Be3+ 27. Rxe3 Ncxe3
28. Rf4 Nxf4 29. d5+ f6 30. Qxe3 Nxd5 31. Qh3 Nxc3 0-1